Trees, shrubs and lianas of West African dry zones (Record no. 176)

MARC details
000 -LEADER
fixed length control field 00460nam a2200145 4500
020 ## - INTERNATIONAL STANDARD BOOK NUMBER
ISBN 9782876145795
050 ## - CALL NUMBER
Classification number QK393
Item number .A72 ARB
100 ## - AUTHOR
Personal name Arbonnier, Michel
245 ## - TITLE
Title Trees, shrubs and lianas of West African dry zones
Statement of responsibility, etc Michel Arbonnier
260 ## - PUBLICATION INFORMATION
Place of publication Paris :
Name of publisher CIRAD ;
Year of publication C2004.
300 ## - DESCRIPTION
Number of Pages 573 p. :
Other physical details ill. (chiefly col.) ;
Dimensions 25 cm.
500 ## - NOTES
General note includes bibliographic reference and index
650 ## - SUBJECTS
Topical Term Woody plants
General subdivision Classification
942 ## - ADDED ENTRY ELEMENTS (KOHA)
Koha item type Books
Holdings
Withdrawn status Lost status Home library Current library Date acquired Full call number Accession Number Koha item type
    Methodist University Library Wenchi Faculty Methodist University Library Wenchi Faculty 13/10/2017 QK393 .Ar1 31784 Books
Copyright © 2026  MUG Library